| 000 | 00388nam a22001217a 4500 | ||
|---|---|---|---|
| 082 | _a200 THE | ||
| 100 |
_aDILDAR AHMED _969938 |
||
| 245 | _aTH-SOF-1652-Numerical Analysis of Energy Flow Dynamics for Energy Efficient Buildings | ||
| 260 |
_aISLAMABAD _bNUST COLLEGE OF EME _c2019 |
||
| 650 |
_aMS-MECH-2015 MSTHESIS _969463 |
||
| 700 |
_aSupervisor DR. IMRAN AKHTAR _969939 |
||
| 942 | _cCF | ||
| 999 |
_c577015 _d577015 |
||